=LDR 00000nam 2200000 4500 =001 INLIS000000000062234 =005 20230620093021 =035 ##$$a 0010-0623000075 =007 ta =008 230620################g##########0#ind## =100 3#$$a Silalahi, Hendro Agung =245 ##$$a Penyakit cavernous sinus thrombosis /$c dr. Hendro Agung Silalahi, Sp.Bs.; editor, Alessandro =250 ##$$a Cetakan Pertama, Februari 2013 =300 ##$$a 196 halaman ; $c 20 cm =020 ##$$a 978-602-7665-45-3 =041 ##$$a ind =082 ##$$a 616.81 =084 ##$$a 616.81 SIL p =264 ##$$a Yogyakarta :$b D-Medika,$c 2013 =336 ##$$a teks$2 rdacontent =337 ##$$a tanpa perantara$2 rdamedia =338 ##$$a volume$2 rdacarrier =504 ##$$a Bibliografi: halaman 191-194 =650 #4$$a Penyakit Serebroyastular =700 #$$a Alessandro$e editor =990 ##$$a 03970397